| 000 | 00386nam a2200145Ia 4500 | ||
|---|---|---|---|
| 008 | 150201s2010 xx 000 0 und d | ||
| 082 |
_a519.5 _bB10D |
||
| 100 | _aDANIEL, WAYNE W. | ||
| 245 | _aBIOSTATISTICS : BASIC CONCEPTS & METHODOLOGY FOR THE HEALTH SCIENCES | ||
| 250 | _a1ST | ||
| 260 |
_bWILEY _aINDIA _c2010 |
||
| 300 | _a1-783 | ||
| 650 | _aBIOSTATISTICS | ||
| 942 |
_2ddc _cBK _06 |
||
| 999 |
_c1623 _d1623 |
||